Регионална библиотека "Любен Каравелов" - Русе

Пътеводител в правописа (Запис номер 391736)

MARC детайли
000 -Лидер
Контролно поле с фиксирана дължина 01111nam a2200301 a 4500
003 - Код на организацията, давaща контролен номер
Контролно поле BLK
005 - Дата и час на последна редакция
Контролно поле 20250517104902.0
008 - Елементи от данни с фиксирана дължина
fixed length control field 201124b bu |||||r|||| 00| | bu d
020 ## - Международен стандартен номер на книга ISBN
Международен стандартен номер на книга ISBN 9786192460174
040 ## - Източник на каталожния запис
Идентификатор на билиотеката - собственик на записа BLK
041 ## - Код за език
Код за езика на текст/звукозапис или на отделно заглавие Български
Код за езика КДБФ Български
080 ## - УДК
Текстов определител УДК Български език
УДК код - определител по УДК 811.163.2
УДК определител '35
УДК - код + определител 811.163.2'35
100 ## - Редна дума - Автор
R(LIN) 250867
Автор Васева, Милена Петрова
Авторска отговорност първи автор
139 ## - Редно поле
Редна дума Васева, Милена Петрова
Авторски знак Вас - В 23
245 ## - Сведения за заглавието
Заглавие Пътеводител в правописа
Подзаглавни данни да пишем грамотно!
Редно поле (дума) Милена Васева
257 ## - Страна на издаване
Страна на създаване/издаване България
260 ## - Област на издателските данни
9 (RLIN) 402164
Място на издаване, разпространение и проч. София
Име на издателя, разпространителя и проч. Робертино
Година на издаване 2020
Печатница София : Алианс принт
300 ## - Физическа характеристика
Страници 127 с.
Илюстрации и др. с табл.
Размери/Мащаб 24 см
380 ## - Жанр
Жанр Езикознание. Филология
650 #0 - Допълнително описание по предмет – тема
9 (RLIN) 262716
Основно описание – тема или топоним Български език - правопис
653 #7 - Ключова дума – ненормативна
9 (RLIN) 194329
Ключова дума правопис
852 ## - Местоположение
Форматна сигнатура Цб 305874
Фондова буква Хранилище
852 ## - Местоположение
Фондова буква Детски отдел
Систематично-азбучна сигнатура 811.163.2/В 23 М
852 ## - Местоположение
Фондова буква Заемна - подръчен фонд
Систематично-азбучна сигнатура 811.163.2/В 23 М
999 ## - СИСТЕМНИ КОНТРОЛНИ НОМЕРА
Koha biblionumber 391736
Koha biblioitemnumber 391736
942 ## - АРТИКУЛИ
Вид на библиотечния материал Книги
Скрит в OPAC Не
Периодичен библиозапис Да
Koha issues (borrowed), all copies 5
944 ## - СЪЗДАВАНЕ И РЕДАКЦИЯ на ЗАПИСА
Създаване/Редакция Създаване
Служител, извършил регистрацията/редакцията 30549
Статус, дата на статуса Вася Ганчева
944 ## - СЪЗДАВАНЕ И РЕДАКЦИЯ на ЗАПИСА
Създаване/Редакция Редакция
Служител, извършил регистрацията/редакцията ГГГ
Статус, дата на статуса 2021-10-08
Наличности
Код за отписване Код за изгубен артикул Източник на класификационната схема Код за повреда Коз за рестрикции Код за отдаване Артикулен № Име на библиотеката - собственик Име на библиотеката, в която се намира в момента Статус (Текущо местоположение) Дата на вписване в системата Местоположение - отдел Цена в лева Систематично азбучна сигнатура Баркод Цена в евро Служебен тип на артикула
  Не е изгубен Universal Decimal Classification Не е повреден само за читалня ползва се в читалня 813283 Регионална библиотека "Любен Каравелов" Русе Регионална библиотека "Любен Каравелов" Русе Хранилище 2021-02-24 Хранилище 14.00 Цб 305874 120000850969 7.16 Книги
  Не е изгубен Universal Decimal Classification Не е повреден без рестрикции заемане за дома 857214 Регионална библиотека "Любен Каравелов" Русе Регионална библиотека "Любен Каравелов" Русе Детски отдел 2021-10-12 Детски отдел 8.40 811.163.2/В 23 М 120000860243 4.29 Книги
  Не е изгубен Universal Decimal Classification Не е повреден без рестрикции заемане за дома 857215 Регионална библиотека "Любен Каравелов" Русе Регионална библиотека "Любен Каравелов" Русе Заемна - подръчен фонд 2021-10-12 Заемна - подръчен фонд 8.40 811.163.2/В 23 М 120000860244 4.29 Книги
Vip Innovations Ltd, Rousse, Bulgaria 2025